00781nam a22002175i 4500001000700000003000900007005001700016008004100033080002100074100003200095245009000127260003200217300003800249490002900287500002700316500009100343500003800434700002300472830002900495852003900524176528ES-MaACL20230906220116.0110120s1939 sp a |||| | spa d a821.134.2-22"19"1 aPérez Fernández, Pedro.10aMi niña b: comedia en tres actos / cPedro Pérez Fernández y Antonio Quintero. aMadrid : b[s. n., c1939?] a71 p. : bil. bl. y n. ; c17 cm.1 aBiblioteca teatral ; v6 aAnteportada ilustrada. aEn port. : Estrenada en el Teatro de la Comedia, de Madrid, el 7 de diciembre de 1939. aEncuadernado con otros títulos.0 aQuintero, Antonio.0 aBiblioteca teatral ; v6 aES-MaACLjE-14121 (6) xOlim P-302